Technology in Education. Innovative Solutions and Practices Third International Conference, ICTE 2018, Hong Kong, China, January 9-11, 2018, Revised Selected Papers /

This book constitutes extended papers from the Third International Conference on Technology in Education, ICTE 2018, held in Hong Kong, China, in January 2018. The 27 full papers presented in this volume were carefully reviewed and selected from 88 submissions. They are organized in topical sections...

Πλήρης περιγραφή

Λεπτομέρειες βιβλιογραφικής εγγραφής
Συγγραφή απο Οργανισμό/Αρχή: SpringerLink (Online service)
Άλλοι συγγραφείς: Cheung, Simon K.S (Επιμελητής έκδοσης, http://id.loc.gov/vocabulary/relators/edt), Lam, Jeanne (Επιμελητής έκδοσης, http://id.loc.gov/vocabulary/relators/edt), Li, Kam Cheong (Επιμελητής έκδοσης, http://id.loc.gov/vocabulary/relators/edt), Au, Oliver (Επιμελητής έκδοσης, http://id.loc.gov/vocabulary/relators/edt), Ma, Will W.K (Επιμελητής έκδοσης, http://id.loc.gov/vocabulary/relators/edt), Ho, Wai Shing (Επιμελητής έκδοσης, http://id.loc.gov/vocabulary/relators/edt)
Μορφή: Ηλεκτρονική πηγή Ηλ. βιβλίο
Γλώσσα:English
Έκδοση: Singapore : Springer Singapore : Imprint: Springer, 2018.
Έκδοση:1st ed. 2018.
Σειρά:Communications in Computer and Information Science, 843
Θέματα:
Διαθέσιμο Online:Full Text via HEAL-Link
LEADER 03284nam a2200553 4500
001 978-981-13-0008-0
003 DE-He213
005 20191028091338.0
007 cr nn 008mamaa
008 180412s2018 si | s |||| 0|eng d
020 |a 9789811300080  |9 978-981-13-0008-0 
024 7 |a 10.1007/978-981-13-0008-0  |2 doi 
040 |d GrThAP 
050 4 |a LB1028.43-1028.75 
072 7 |a JNV  |2 bicssc 
072 7 |a EDU039000  |2 bisacsh 
072 7 |a JNV  |2 thema 
082 0 4 |a 374.26  |2 23 
245 1 0 |a Technology in Education. Innovative Solutions and Practices  |h [electronic resource] :  |b Third International Conference, ICTE 2018, Hong Kong, China, January 9-11, 2018, Revised Selected Papers /  |c edited by Simon K.S. Cheung, Jeanne Lam, Kam Cheong Li, Oliver Au, Will W.K. Ma, Wai Shing Ho. 
250 |a 1st ed. 2018. 
264 1 |a Singapore :  |b Springer Singapore :  |b Imprint: Springer,  |c 2018. 
300 |a XIII, 295 p. 87 illus.  |b online resource. 
336 |a text  |b txt  |2 rdacontent 
337 |a computer  |b c  |2 rdamedia 
338 |a online resource  |b cr  |2 rdacarrier 
347 |a text file  |b PDF  |2 rda 
490 1 |a Communications in Computer and Information Science,  |x 1865-0929 ;  |v 843 
505 0 |a New learning experience with technologies -- Mobile learning and flipped classrooms -- Instructional design and teaching practices -- Learning administration with technologies. 
520 |a This book constitutes extended papers from the Third International Conference on Technology in Education, ICTE 2018, held in Hong Kong, China, in January 2018. The 27 full papers presented in this volume were carefully reviewed and selected from 88 submissions. They are organized in topical sections on new learning experience with technologies; mobile learning and flipped classrooms; instructional design and teaching practices; learning administration with technologies. 
650 0 |a Education-Data processing. 
650 0 |a Application software. 
650 0 |a Artificial intelligence. 
650 1 4 |a Computers and Education.  |0 http://scigraph.springernature.com/things/product-market-codes/I24032 
650 2 4 |a Computer Appl. in Social and Behavioral Sciences.  |0 http://scigraph.springernature.com/things/product-market-codes/I23028 
650 2 4 |a Artificial Intelligence.  |0 http://scigraph.springernature.com/things/product-market-codes/I21000 
700 1 |a Cheung, Simon K.S.  |e editor.  |4 edt  |4 http://id.loc.gov/vocabulary/relators/edt 
700 1 |a Lam, Jeanne.  |e editor.  |4 edt  |4 http://id.loc.gov/vocabulary/relators/edt 
700 1 |a Li, Kam Cheong.  |e editor.  |4 edt  |4 http://id.loc.gov/vocabulary/relators/edt 
700 1 |a Au, Oliver.  |e editor.  |4 edt  |4 http://id.loc.gov/vocabulary/relators/edt 
700 1 |a Ma, Will W.K.  |e editor.  |4 edt  |4 http://id.loc.gov/vocabulary/relators/edt 
700 1 |a Ho, Wai Shing.  |e editor.  |4 edt  |4 http://id.loc.gov/vocabulary/relators/edt 
710 2 |a SpringerLink (Online service) 
773 0 |t Springer eBooks 
776 0 8 |i Printed edition:  |z 9789811300073 
776 0 8 |i Printed edition:  |z 9789811300097 
830 0 |a Communications in Computer and Information Science,  |x 1865-0929 ;  |v 843 
856 4 0 |u https://doi.org/10.1007/978-981-13-0008-0  |z Full Text via HEAL-Link 
912 |a ZDB-2-SCS 
950 |a Computer Science (Springer-11645)